000 00516nam a2200169Ia 4500
003 GCL
008 140319s9999 xx 000 0 ara d
040 _aGCL /
_cGCL
082 0 4 _a185
_bج ا
100 1 _aجيرار جهامى
245 1 0 _aالاشكالية اللغوية فى الفلسفة العربية /
_cجيرار جهامى
490 _a
650 0 4 _aالفلسفة العربية
650 0 4 _aالفلسفة - نظريات
650 0 4 _aاللغة العربية - فلسفة
942 _2ddc
_cBK
999 _c38932
_d38932